000 00640nam a2200265Ia 4500
008 180313s9999 xx 000 0 und d
020 _a9780545795890
050 _bFIC P768 2014
100 _aPolisner, Gae
245 _aSummer of letting go /
245 _cby Gae Polisner.
260 _aNew York, New York :
260 _bScholastic Inc.,
260 _c2014
300 _a316 pages :
300 _billustrations ;
300 _c19cm.
650 _aBest friends --
650 _aBrothers and sisters --
650 _aDeath --
650 _xFiction.
650 _xFiction.
650 _xFiction.
700 _aTitle.
999 _c356250
_d356250